[Event "Leiden SB-ch 1920"]
[Site "Leiden"]
[Date "2020.09.25"]
[Round "6"]
[White "Oei, Ik"]
[Black "Dobbelaar, Ruud"]
[Result "1-0"]
[WhiteElo "2003"]
[BlackElo "1786"]
[PlyCount "53"]
[EventDate "2019.11.08"]
[EventType "swiss"]
[EventRounds "7"]
[EventCountry "NED"]
[SourceTitle "EXT 2023"]
[Source "ChessBase"]
[SourceDate "2022.10.05"]
[SourceVersion "1"]
[SourceVersionDate "2022.10.05"]
[SourceQuality "1"]

1. Nf3 c5 2. c4 Nc6 3. b3 e5 4. d3 d6 5. Bb2 f5 6. Nbd2 Nf6 7. e3 Be7 8. Be2 0-0 9. 0-0 e4 10. dxe4 Nxe4 11. Nxe4 fxe4 12. Nd2 Bf5 13. Qb1 Bf6 14. a3 Re8 15. Rd1 Bxb2 16. Qxb2 Ne5 17. Qc2 Qh4 18. g3 Qh3 19. Bf1 Qh5 20. Qc3 Bg4 21. Rdb1 Rf8 22. Bg2 Rxf2 23. Rf1 Rxf1+ 24. Rxf1 Be2 25. Rf4 g5 26. Nxe4 Ng4 27. Rxg4 1-0

[Event "Leiden SB-ch 1920"]
[Site "Leiden"]
[Date "2020.01.24"]
[Round "4"]
[White "Lafeber, Evert"]
[Black "Dobbelaar, Ruud"]
[Result "0-1"]
[WhiteElo "1335"]
[BlackElo "1786"]
[PlyCount "92"]
[EventDate "2019.11.08"]
[EventType "swiss"]
[EventRounds "7"]
[EventCountry "NED"]
[SourceTitle "EXT 2023"]
[Source "ChessBase"]
[SourceDate "2022.10.05"]
[SourceVersion "1"]
[SourceVersionDate "2022.10.05"]
[SourceQuality "1"]

1. d4 Nf6 2. c4 d6 3. Nc3 g6 4. e4 Bg7 5. f4 0-0 6. Bd3 Bg4 7. Nf3 Nc6 8. Be3 e5 9. d5 exf4 10. dxc6 fxe3 11. cxb7 Rb8 12. Qb3 Nd7 13. 0-0 Nc5 14. Qc2 Rxb7 15. Rab1 Ne6 16. Ne2 c5 17. Ne1 Be5 18. g3 g5 19. Kg2 Nd4 20. Nxd4 cxd4 21. Be2 Be6 22. b3 Qd7 23. Rf5 f6 24. Rd1 Rc7 25. Nf3 Bxf5 26. exf5 Qc6 27. Kg1 Qb6 28. Qd3 Qa5 29. Nxd4 Bxd4 30. Qxd4 Qxf5 31. Qxe3 Qc5 32. Kf2 Re7 33. Qxc5 dxc5 34. Bh5 Rc8 35. Rd6 Kg7 36. Bf3 f5 37. Bd1 Rce8 38. Bh5 Rf8 39. Rc6 Re5 40. Rc7+ Kh6 41. Bf7 a5 42. Bd5 Rfe8 43. Rc6+ Kg7 44. Rc7+ R8e7 45. Rxc5 Re2+ 46. Kf1 g4 0-1

[Event "Leiden SB-ch 1819"]
[Site "Leiden"]
[Date "2019.06.21"]
[Round "9"]
[White "Kindt, Manfred"]
[Black "Dobbelaar, Ruud"]
[Result "1-0"]
[WhiteElo "1976"]
[BlackElo "1793"]
[PlyCount "95"]
[EventDate "2018.10.19"]
[EventType "swiss"]
[EventRounds "9"]
[EventCountry "NED"]
[SourceTitle "EXT 2023"]
[Source "ChessBase"]
[SourceDate "2022.10.05"]
[SourceVersion "1"]
[SourceVersionDate "2022.10.05"]
[SourceQuality "1"]

1. e4 c5 2. Nf3 Nc6 3. Bb5 g6 4. c3 Bg7 5. 0-0 Qb6 6. Na3 Nf6 7. Re1 0-0 8. e5 Nd5 9. Bc4 Nc7 10. Bf1 Na5 11. Rb1 d5 12. b4 cxb4 13. Rxb4 Qc5 14. Nc2 Nc6 15. Ra4 b5 16. d4 Qb6 17. Ra3 a5 18. Rb3 a4 19. Rb1 Na5 20. Ne3 Qc6 21. Ba3 Re8 22. Bc5 Rb8 23. g3 Bd7 24. Bg2 Na6 25. Ng5 Be6 26. Nxe6 fxe6 27. Bb4 Nc4 28. Nxc4 bxc4 29. Ba3 Rxb1 30. Qxb1 Rb8 31. Qd1 Qd7 32. h4 Nc7 33. h5 g5 34. Bc1 Rb1 35. Qc2 Qb5 36. Rf1 Bh6 37. Kh2 Ra1 38. Ba3 Rxf1 39. Bxf1 Qe8 40. Be2 Qd7 41. Bd1 Nb5 42. Qxa4 Qb7 43. Qb4 Qa6 44. Bb2 Bf8 45. a4 Na7 46. Bc1 h6 47. Qb1 Nc6 48. Qg6+ 1-0

[Event "Leiden SB-ch 1819"]
[Site "Leiden"]
[Date "2019.02.15"]
[Round "5"]
[White "Dobbelaar, Ruud"]
[Black "Hettfleisch, Maurice"]
[Result "1-0"]
[WhiteElo "1793"]
[BlackElo "1751"]
[PlyCount "79"]
[EventDate "2018.10.19"]
[EventType "swiss"]
[EventRounds "9"]
[EventCountry "NED"]
[SourceTitle "EXT 2023"]
[Source "ChessBase"]
[SourceDate "2022.10.05"]
[SourceVersion "1"]
[SourceVersionDate "2022.10.05"]
[SourceQuality "1"]

1. c4 e5 2. Nc3 Nf6 3. g3 d5 4. cxd5 Nxd5 5. Bg2 Nb6 6. Nf3 Nc6 7. d3 Be7 8. 0-0 0-0 9. a3 Be6 10. b4 Nd4 11. Rb1 Nxf3+ 12. Bxf3 c6 13. Ne4 Bd5 14. Bb2 Nd7 15. Nd2 Re8 16. Bg2 Bf8 17. Bh3 Be6 18. Bg2 f6 19. Nc4 Nb6 20. Qc2 Nd5 21. e4 Nc7 22. f4 Nb5 23. fxe5 Nd4 24. Qf2 Bxc4 25. exf6 Qxf6 26. Qxf6 gxf6 27. dxc4 Rad8 28. Rbd1 c5 29. Bxd4 cxd4 30. Rxf6 Bg7 31. Rf5 Rc8 32. e5 Bxe5 33. Bxb7 Rc7 34. Bd5+ Kh8 35. b5 Bd6 36. Rd3 Rce7 37. Kg2 Bc5 38. Bf3 Rc8 39. Bc6 Rd8 40. Rxc5 1-0

[Event "Leiden SB-ch 1819"]
[Site "Leiden"]
[Date "2018.10.19"]
[Round "1"]
[White "Schenkelaars, Robin"]
[Black "Dobbelaar, Ruud"]
[Result "1-0"]
[WhiteElo "1559"]
[BlackElo "1793"]
[PlyCount "99"]
[EventDate "2018.10.19"]
[EventType "swiss"]
[EventRounds "9"]
[EventCountry "NED"]
[SourceTitle "EXT 2023"]
[Source "ChessBase"]
[SourceDate "2022.10.05"]
[SourceVersion "1"]
[SourceVersionDate "2022.10.05"]
[SourceQuality "1"]

1. e4 c5 2. Nf3 e6 3. d4 cxd4 4. Nxd4 a6 5. Nc3 Nc6 6. a3 Nf6 7. Be3 Qc7 8. f3 Be7 9. Qd2 b5 10. b4 0-0 11. Rd1 Bb7 12. Nxc6 dxc6 13. Qf2 Nd7 14. Qg3 Qxg3+ 15. hxg3 Rfd8 16. Be2 a5 17. Nxb5 cxb5 18. Bxb5 Nf6 19. Rxd8+ Bxd8 20. 0-0 Bc7 21. g4 h6 22. Rd1 Be5 23. Bb6 axb4 24. axb4 Bc3 25. Bc5 e5 26. Rd3 Be1 27. Kf1 Bg3 28. Ke2 Bf4 29. Rd6 Nxe4 30. fxe4 Bxe4 31. Bc6 Bxc6 32. Rxc6 Rd8 33. Rd6 Ra8 34. Rd5 g5 35. b5 e4 36. Bd6 Rd8 37. Bxf4 Rxd5 38. c4 Rc5 39. b6 Rxc4 40. b7 gxf4 41. b8Q+ Kg7 42. Qe5+ Kg8 43. Qxf4 Rc2+ 44. Kf1 Rc6 45. Qxe4 Re6 46. Qd4 Rg6 47. Kf2 Rg5 48. Kf3 Kh7 49. Qf6 Rg7 50. g3 1-0